Introducción a la cultura contemporánea / (Record no. 72541)

MARC details
000 -LEADER
campo de control de longitud fija 00542nam a2200169 i 4500
001 - NÚMERO DE CONTROL
campo de control 72541
003 - IDENTIFICADOR DE NÚMERO DE CONTROL
campo de control ES-MaACL
005 - FECHA Y HORA DE LA ÚLTIMA TRANSACCIÓN
campo de control 20230906171452.0
007 - CAMPO FIJO DE DESCRIPCIÓN FÍSICA--INFORMACIÓN GENERAL
campo de control de longitud fija t|
008 - DATOS DE LONGITUD FIJA--INFORMACIÓN GENERAL
campo de control de longitud fija 040901s1968 sp ||||1| spa d
100 1# - ENTRADA PRINCIPAL--NOMBRE DE PERSONA
Nombre de persona Glaser, Hermann.
9 (RLIN) 57396
245 10 - MENCIÓN DEL TÍTULO
Título Introducción a la cultura contemporánea /
Mención de responsabilidad, etc. Hermann Glaser ; [traducido del alemán por Marciano Villanueva Salas].
260 ## - PUBLICACIÓN, DISTRIBUCIÓN, ETC.
Lugar de publicación, distribución, etc. Madrid :
Nombre del editor, distribuidor, etc. Iberoamericanas,
Fecha de publicación, distribución, etc. [1968]
300 ## - DESCRIPCIÓN FÍSICA
Extensión 283 p. ;
Dimensiones 17 cm.
700 1# - ENTRADA AGREGADA--NOMBRE PERSONAL
Nombre de persona Villanueva, Marciano.
9 (RLIN) 115029
852 ## - LOCALIZACIÓN
Ubicación ES-MaACL
Número de control de estantería C-34505
Sublocalización o colección R.65060
Holdings
Estatus retirado Estado de pérdida Estado de daño No para préstamo Biblioteca de origen Biblioteca actual Ubicación en estantería Fecha de adquisición Fuente de adquisición Total de préstamos Signatura topográfica completa Código de barras Visto por última vez Precio de reemplazo Tipo de ítem Koha
        Biblioteca del Ateneo de Madrid Biblioteca del Ateneo de Madrid Depósito 2 17/01/2008     C-34505 1075942 23/02/2023 23/02/2023 Libro impreso